000 00597nam a2200193Ia 4500
005 20250508160505.0
008 008 250505s9999 xx 000 0 eng d
037 _aReference
040 _aFEDL
_beng
_cFEDL
041 _aeng
_2eng
084 _a506.54058, RAJ
_qFEDL
100 _aRajagopalan T S
245 0 _aDirectory of scientific research institutions in India 1969
260 _aDelhi, India
_bIndian National Scientific Documentation Centre
300 _a1120p.
700 _a Satyanarayana R
_9768618
942 _cREF
_h506.54058, RAJ
999 _c1364934
_d1364934